<?xml version="1.0" encoding="UTF-8"?>
<record
    xmlns:xsi="http://www.w3.org/2001/XMLSchema-instance"
    xsi:schemaLocation="http://www.loc.gov/MARC21/slim http://www.loc.gov/standards/marcxml/schema/MARC21slim.xsd"
    xmlns="http://www.loc.gov/MARC21/slim">

  <leader>00520nam a22001817a 4500</leader>
  <controlfield tag="008">231009b      |||||||| |||| 00| 0 eng d</controlfield>
  <datafield tag="020" ind1=" " ind2=" ">
    <subfield code="a">9783659974014</subfield>
  </datafield>
  <datafield tag="050" ind1=" " ind2=" ">
    <subfield code="a">KSK 2450 .O56 2019</subfield>
    <subfield code="b">C.1</subfield>
  </datafield>
  <datafield tag="100" ind1=" " ind2=" ">
    <subfield code="a">ONYOYO, PETER ONYANGO</subfield>
  </datafield>
  <datafield tag="245" ind1=" " ind2=" ">
    <subfield code="a">ADMINISTRATIVE LAW </subfield>
    <subfield code="b">KENYA EXPERIENCE</subfield>
  </datafield>
  <datafield tag="250" ind1=" " ind2=" ">
    <subfield code="a">2ND ED.</subfield>
  </datafield>
  <datafield tag="260" ind1=" " ind2=" ">
    <subfield code="a">KISUMU</subfield>
    <subfield code="b">LAMBERT ACADEMIC PUBLISHING</subfield>
    <subfield code="c">2019</subfield>
  </datafield>
  <datafield tag="300" ind1=" " ind2=" ">
    <subfield code="a">XVII.,296P.</subfield>
  </datafield>
  <datafield tag="500" ind1=" " ind2=" ">
    <subfield code="a">INCLUDES BIBLIOGRAPHIC REFERENCE AND INDEX</subfield>
  </datafield>
  <datafield tag="650" ind1=" " ind2=" ">
    <subfield code="a">ADMINISTRATIVE LAW</subfield>
  </datafield>
  <datafield tag="700" ind1=" " ind2=" ">
    <subfield code="a">TITLE</subfield>
  </datafield>
  <datafield tag="942" ind1=" " ind2=" ">
    <subfield code="2">lcc</subfield>
    <subfield code="c">BK</subfield>
  </datafield>
  <datafield tag="999" ind1=" " ind2=" ">
    <subfield code="c">207594</subfield>
    <subfield code="d">207594</subfield>
  </datafield>
  <datafield tag="952" ind1=" " ind2=" ">
    <subfield code="0">0</subfield>
    <subfield code="1">0</subfield>
    <subfield code="2">lcc</subfield>
    <subfield code="4">0</subfield>
    <subfield code="6">KSK2450 O56  02019</subfield>
    <subfield code="7">0</subfield>
    <subfield code="8">LAW</subfield>
    <subfield code="9">329881</subfield>
    <subfield code="a">KSUL</subfield>
    <subfield code="b">KSUL</subfield>
    <subfield code="d">2023-10-09</subfield>
    <subfield code="i">100256</subfield>
    <subfield code="l">1</subfield>
    <subfield code="o">KSK 2450 .O56 2019</subfield>
    <subfield code="p">000000000384</subfield>
    <subfield code="r">2024-10-23 10:04:51</subfield>
    <subfield code="s">2024-10-07</subfield>
    <subfield code="t">C.1</subfield>
    <subfield code="w">2023-10-09</subfield>
    <subfield code="y">BK</subfield>
  </datafield>
  <datafield tag="952" ind1=" " ind2=" ">
    <subfield code="0">0</subfield>
    <subfield code="1">0</subfield>
    <subfield code="2">lcc</subfield>
    <subfield code="4">0</subfield>
    <subfield code="6">KSK2450 O56  02019</subfield>
    <subfield code="7">0</subfield>
    <subfield code="8">LAW</subfield>
    <subfield code="9">329882</subfield>
    <subfield code="a">KSUL</subfield>
    <subfield code="b">KSUL</subfield>
    <subfield code="d">2023-10-09</subfield>
    <subfield code="i">100257</subfield>
    <subfield code="l">1</subfield>
    <subfield code="o">KSK 2450 .O56 2019</subfield>
    <subfield code="p">000000000383</subfield>
    <subfield code="r">2024-11-16 14:09:25</subfield>
    <subfield code="s">2024-11-14</subfield>
    <subfield code="t">C.2</subfield>
    <subfield code="w">2023-10-09</subfield>
    <subfield code="y">BK</subfield>
  </datafield>
  <datafield tag="952" ind1=" " ind2=" ">
    <subfield code="0">0</subfield>
    <subfield code="1">0</subfield>
    <subfield code="2">lcc</subfield>
    <subfield code="4">0</subfield>
    <subfield code="6">KSK2450 O56  02019</subfield>
    <subfield code="7">0</subfield>
    <subfield code="8">LAW</subfield>
    <subfield code="9">329883</subfield>
    <subfield code="a">KSUL</subfield>
    <subfield code="b">KSUL</subfield>
    <subfield code="d">2023-10-09</subfield>
    <subfield code="i">100258</subfield>
    <subfield code="l">3</subfield>
    <subfield code="o">KSK 2450 .O56 2019</subfield>
    <subfield code="p">000000000382</subfield>
    <subfield code="r">2025-04-01 10:14:13</subfield>
    <subfield code="s">2025-03-18</subfield>
    <subfield code="t">C.3</subfield>
    <subfield code="w">2023-10-09</subfield>
    <subfield code="y">BK</subfield>
  </datafield>
  <datafield tag="952" ind1=" " ind2=" ">
    <subfield code="0">0</subfield>
    <subfield code="1">0</subfield>
    <subfield code="2">lcc</subfield>
    <subfield code="4">0</subfield>
    <subfield code="6">KSK2450 O56  02019</subfield>
    <subfield code="7">0</subfield>
    <subfield code="8">LAW</subfield>
    <subfield code="9">329884</subfield>
    <subfield code="a">KSUL</subfield>
    <subfield code="b">KSUL</subfield>
    <subfield code="d">2023-10-09</subfield>
    <subfield code="i">100259</subfield>
    <subfield code="l">2</subfield>
    <subfield code="o">KSK 2450 .O56 2019</subfield>
    <subfield code="p">000000000381</subfield>
    <subfield code="r">2026-04-21 09:51:23</subfield>
    <subfield code="s">2026-04-20</subfield>
    <subfield code="t">C.4</subfield>
    <subfield code="w">2023-10-09</subfield>
    <subfield code="y">BK</subfield>
  </datafield>
  <datafield tag="952" ind1=" " ind2=" ">
    <subfield code="0">0</subfield>
    <subfield code="1">0</subfield>
    <subfield code="2">lcc</subfield>
    <subfield code="4">0</subfield>
    <subfield code="6">KSK2450 O56  02019</subfield>
    <subfield code="7">0</subfield>
    <subfield code="8">SC</subfield>
    <subfield code="9">329885</subfield>
    <subfield code="a">KSUL</subfield>
    <subfield code="b">KSUL</subfield>
    <subfield code="c">DISPLAY</subfield>
    <subfield code="d">2023-10-09</subfield>
    <subfield code="i">100260</subfield>
    <subfield code="l">0</subfield>
    <subfield code="o">KSK 2450 .O56 2019</subfield>
    <subfield code="p">000000000380</subfield>
    <subfield code="r">2023-10-09 10:56:00</subfield>
    <subfield code="t">C.5</subfield>
    <subfield code="w">2023-10-09</subfield>
    <subfield code="y">REF</subfield>
  </datafield>
</record>
